000 00471nam a2200181Ia 4500
001 15630
005 20260306170210.0
008 260306t2010||||xx |||||||||||||| ||und||
041 _aESP
082 _a551.6
_bC24B
100 _aFundación Manuel J. Bustamante de la Fuente
_eAUT
245 0 _aCambio climático en el Perú:
_bregiones del sur
260 _c2010
300 _a124 páginas :
_c26 cm.
650 _aGEN
654 _aCIA
942 _cLIB
_dJUS
_fJUS
_2ddc
_n
999 _c15630
_d15630